I.V. Therapy : (Record no. 10929)
[ view plain ]
| 000 -LEADER | |
|---|---|
| fixed length control field | 01162cam a2200313 a 4500 |
| 001 - CONTROL NUMBER | |
| control field | 4298071 |
| 005 - DATE AND TIME OF LATEST TRANSACTION | |
| control field | 19890622000000.0 |
| 008 - FIXED-LENGTH DATA ELEMENTS--GENERAL INFORMATION | |
| fixed length control field | 861024m19879999mdua b 001 0 eng c |
| 010 ## - LIBRARY OF CONGRESS CONTROL NUMBER | |
| LC control number | 86028683 |
| 020 ## - INTERNATIONAL STANDARD BOOK NUMBER | |
| International Standard Book Number | 0871896230 (loose leaf) |
| 040 ## - CATALOGING SOURCE | |
| Original cataloging agency | DNLM/DLC |
| Transcribing agency | DLC |
| Modifying agency | DLC |
| 050 10 - LIBRARY OF CONGRESS CALL NUMBER | |
| Classification number | RM170 |
| Item number | .H66 1987 |
| 060 ## - NATIONAL LIBRARY OF MEDICINE CALL NUMBER | |
| Classification number | WY 39 H765 |
| 082 00 - DEWEY DECIMAL CLASSIFICATION NUMBER | |
| Classification number | 615.85502 |
| Edition number | 19 |
| Item number | IVT |
| 245 00 - TITLE STATEMENT | |
| Title | I.V. Therapy : |
| Remainder of title | An Incrdibly easy workout / |
| 260 ## - PUBLICATION, DISTRIBUTION, ETC. (IMPRINT) | |
| Place of publication, distribution, etc | Philadelphia : |
| Name of publisher, distributor, etc | Lippincott Williams & Wilkins,, |
| Date of publication, distribution, etc | c. 2009. |
| 300 ## - PHYSICAL DESCRIPTION | |
| Extent | 241 |
| Other physical details | ill. ; |
| Dimensions | 29 cm. |
| 500 ## - GENERAL NOTE | |
| General note | "Hospital Home Health Care Agency of California." |
| 500 ## - GENERAL NOTE | |
| General note | "An Aspen publication." |
| 504 ## - BIBLIOGRAPHY, ETC. NOTE | |
| Bibliography, etc | Includes bibliography and index. |
| 650 #0 - SUBJECT ADDED ENTRY--TOPICAL TERM | |
| Topical term or geographic name as entry element | Intravenous therapy |
| General subdivision | Standards. |
| 650 #0 - SUBJECT ADDED ENTRY--TOPICAL TERM | |
| General subdivision | Standards. |
| 650 #2 - SUBJECT ADDED ENTRY--TOPICAL TERM | |
| General subdivision | standards |
| 650 #2 - SUBJECT ADDED ENTRY--TOPICAL TERM | |
| Topical term or geographic name as entry element | Infusions, Parenteral |
| General subdivision | nursing |
| 700 1# - ADDED ENTRY--PERSONAL NAME | |
| Personal name | Kruzic, Paula, |
| Dates associated with a name | 1929- |
| 710 2# - ADDED ENTRY--CORPORATE NAME | |
| Corporate name or jurisdiction name as entry element | Hospital Home Health Care Agency of California. |
| 942 ## - ADDED ENTRY ELEMENTS (KOHA) | |
| Source of classification or shelving scheme | Dewey Decimal Classification |
| Item type | Book - Borrowing |
| Withdrawn status | Item status | Source of classification or shelving scheme | Damaged status | Not for loan | Vendor | Home library | Current library | Shelving location | Date acquired | Source of acquisition | Cost, normal purchase price | Serial Enumeration / chronology | Total Checkouts | Full call number | Barcode | Date last seen | Date last borrowed | Koha item type |
|---|---|---|---|---|---|---|---|---|---|---|---|---|---|---|---|---|---|---|
| Dewey Decimal Classification | Central Library | Central Library | First floor | 23/02/2009 | 189.00 | 0924 | 1 | 615.85502 IVT | 000014901 | 15/07/2025 | 09/11/2009 | Book - Borrowing |